States and Provinces in the Mississippi River Drainage Basin - Statistics

General Stats
  • This quiz has been taken 43 times
    41 since last reset
  • The average score is 29 of 33
Answer Stats
State or Province % Correct
Arkansas
100%
Kentucky
100%
Tennessee
100%
Iowa
97%
Minnesota
97%
Mississippi
97%
Missouri
97%
Ohio
97%
Alabama
94%
Nebraska
94%
North Dakota
94%
South Dakota
94%
Illinois
91%
Kansas
91%
Louisiana
91%
West Virginia
91%
Colorado
88%
Indiana
88%
Montana
88%
Oklahoma
88%
Wisconsin
88%
Wyoming
88%
Pennsylvania
85%
Texas
85%
Virginia
85%
North Carolina
82%
Georgia
79%
South Carolina
79%
Alberta
73%
New Mexico
73%
New York
70%
Saskatchewan
67%
Maryland
64%
No matching quizzes found
Score Distribution
Percent of People with Each Score
Percentile by Number Answered
Your Score History
You have not taken this quiz since the last reset